00304nam a22001217a 4500020001800000082001800018100001500036245004200051260004800093300000900141563000700150650002500157 a9787119130927 a335.4345bJIN aXi Jinping aThe Governance of China – Volume IV c2022.aChina:bForeign Language publishing; a575p aPB aGovernance, politics